| 000 | 01115cam a2200241 4500 | ||
|---|---|---|---|
| 001 | WB3923-15 | ||
| 008 | 030617n2003 000 0 eng u | ||
| 035 | _a(Sirsi) u122615 | ||
| 245 | _a£3m boost for farming | ||
| 260 | _c2003 | ||
| 490 |
_aDEFRA News Release _v(213/03) 13 June 2003 (2) |
||
| 520 | _aGrants in excess of £3m have been awarded to help farmers boost their competitiveness. The Agriculture Development Scheme (ADS) grants will assist government's Strategy for Sustainable Farming and Food. For guidance notes and an application form for the scheme http://www.defra.gov.uk/corporate/regulat/forms/foodproc/index.htm. Information on approved ADS projects http://www.defra.gov.uk/foodrin/marketing/adsapplic.htm. News release http://www.gnn.gov.uk/gnn/national.nsf/Daily+News/BEC67EEF5B4BBCF380256D4400344958?opendocument | ||
| 590 | _aWB | ||
| 650 | _aDEFRA | ||
| 650 | _aFARMING INDUSTRY | ||
| 650 | _aCOMPETITIVENESS | ||
| 650 | _aAGRICULTURE DEVELOPMENT SCHEME | ||
| 650 | _aFOOD INDUSTRY | ||
| 650 | _aGRANTS | ||
| 650 | _aBEST PRACTICE | ||
| 690 |
_aRural _96268 |
||
| 942 | _n0 | ||
| 999 |
_c72860 _d72860 |
||